Logo BPK

Biblioteka

Politechniki Koszalińskiej

The Short Stories of Henry James / (Rekord nr 47438)

Szczegóły MARC
000 -ETYKIETA REKORDU
podpole kontrolne o stałej długości 00510nam a2200169 i 4500
001 - NUMER KONTROLNY REKORDU
pole kontrolne bgj
040 ## - ŹRÓDŁO KATALOGOWANIA
Instytucja, która utworzyła rekord BPK
041 0# - KOD JĘZYKA
Kod języka tekstu eng
008 - POLE O STAŁEJ DŁUGOŚCI - DANE KONTROLNE
podpole kontrolne o stałej długości s uk f |000 0 eng
100 1# - NAZWA OSOBOWA
Nazwa osobowa JAMES, Henry
Daty związane z nazwą (1843-1916).
245 10 - TYTUŁ/ODPOWIEDZIALNOŚĆ
Tytuł The Short Stories of Henry James /
Pozostałe elementy strefy tytułu i oznaczenia odpowiedzialności selected and edited with an introduction by Clifton Fadiman.
260 ## - STREFA ADRESU WYDAWNICZEGO
Miejsce wydania New York :
Nazwa wydawcy/dystrybutora The Modern Library,
Data publikacji, dystrybucji/powstania dokumentu 1948.
300 ## - STREFA OPISU FIZYCZNEGO
Objętość XX, 644 pp ;
Rozmiary 21 cm.
650 #9 - HASŁO PRZEDMIOTOWE W FORMIE NAZWY OGÓLNEJ LUB JEDNOSTKOWEJ
Nazwa ogólna lub geograficzna Short stories, American
700 1# - HASŁO DODATKOWE - NAZWA OSOBOWA
Nazwa osobowa FADIMAN, Clifton.
Określenie związku między hasłem a opisywanym materiałem ed.
856 ## - LOKALIZACJA I DOSTĘP DO ELEKTRONICZNYCH DOKUMENTÓW ZDALNYCH
Link (URL) http://koha.tu.koszalin.pl/cgi-bin/koha/opac-detail.pl?biblionumber=47438
Tekst linku Katalog online BPK
942 ## - DODATKOWE ELEMENTY (KOHA)
Typ dokumentu Książka
Egzemplarze
Wycofany Status egzemplarza Uszkodzony Dostępność Lokalizacja stała Lokalizacja bieżąca Miejsce przechowywania Sygnatura Kod kreskowy Typ dokumentu
      Dostępny Biblioteka Politechniki Koszalińskiej Biblioteka Politechniki Koszalińskiej Wypożyczalnia Językowa KA 3765 09026971 Książka
© 2023 Biblioteka Politechniki Koszalińskiej :: KOHA